|
|
|
|
| LEADER |
00000nab a2200000uu 4500 |
| 001 |
vtls011158038 |
| 003 |
SK-MaSNL |
| 005 |
20260303104451.0 |
| 008 |
230121|1976 xo |||||||||||||||||slo| |
| 015 |
|
|
|a SNBRB
|
| 035 |
|
|
|a (urnnbn)urn:nbn:sk:snk:ar-a0al4o
|
| 035 |
|
|
|a (uuid)9b4b3877-34a4-43b4-9ede-921fe7a75af7
|
| 035 |
|
|
|a urn:nbn:sk:snk-abb5yf
|
| 040 |
|
|
|a SNKBUCL
|b slo
|c SNKBUCL
|e AACR2
|
| 041 |
0 |
|
|a slo
|
| 044 |
|
|
|a xo
|c SK
|
| 100 |
1 |
|
|a Hazucha, Svetozár
|4 aut
|9 1118961
|
| 245 |
1 |
0 |
|a Výskyt niektorých psychopatologických symptómov pri úrazovej náklonnosti
|c Svetozár Hazucha
|
| 773 |
0 |
|
|t Bezpečná práca : dvojmesačník pre teóriu a prax bezpečnosti práce
|g Roč. 7, č. 3 (1976), s. 104-106
|
| 954 |
|
|
|a odborná, vedecká literatúra pôvodná (slovenská)
|2 lita
|
| 958 |
|
|
|a OND
|
| 958 |
|
|
|a EUIPO
|
| 958 |
|
|
|a article14
|
| 999 |
|
|
|c 1856713
|d 1858643
|